000 00411nam a2200181Ia 4500
005 20240823041448.0
008 240823s9999||||xx |||||||||||||| ||und||
041 _aENGLISH
082 _A350 Q2
100 _aNalli Kupusami Settiyar
245 0 _aNeethiNoolgalil Nirvagam
250 _a3rd
260 _c2012
_bBrain
500 _aYES
650 _aTamil Books
_bGeneral
942 _cBK
999 _c205555
_d205555